| 000 | 01094nam a2200313 i 4500 | ||
|---|---|---|---|
| 001 | 198008 | ||
| 003 | ES-MaACL | ||
| 005 | 20260219063011.0 | ||
| 007 | ta | ||
| 008 | 251217b2024 sp ||||| |||| 001 0 spa d | ||
| 020 | _a9798320497211 | ||
| 040 |
_bspa _cES-MaACL _aES-MaACL _erda |
||
| 080 | _a821.134.2-31"19" | ||
| 100 | 1 |
_aPavón, Paco _9242630 _4aut _eaut |
|
| 245 | 1 | 0 |
_aA hostias con la vida / _cPaco Pavón |
| 246 | 1 | 4 |
_iSubtítulo de la cubierta : _aUna vida de amor y muerte en la movida madrileña de los años 80 |
| 264 | 1 |
_aMadrid : _b[P.Pavón], _c2024 |
|
| 300 |
_a427 páginas ; _c22 cm |
||
| 336 |
_2rdacontent _atexto |
||
| 337 |
_2rdamedia _asin mediación |
||
| 338 |
_2rdacarrier _avolumen |
||
| 500 | _aÍndice | ||
| 655 | 4 |
_2tgfbne _9234402 _aNovelas sociales |
|
| 852 |
_aES-MaACL _cDEPO1 _jA-15945 _hDonación: José Lázaro García _xEncuadernación rústica _9207077 |
||
| 942 |
_cMONOGRAFIA _n0 |
||
| 999 |
_c198008 _d198008 |
||